[Event "Brasschaat op 03rd"]
[Site "Brasschaat"]
[Date "2003.08.??"]
[Round "4"]
[White "Heukels, Wim"]
[Black "Van Camp, Koen"]
[Result "1/2-1/2"]
[WhiteElo "1958"]
[BlackElo "1686"]
[PlyCount "54"]
[EventDate "2003.08.24"]
[EventType "swiss"]
[EventRounds "9"]
[EventCountry "BEL"]
[SourceTitle "EXT 2017"]
[Source "ChessBase"]
[SourceDate "2016.10.25"]
[SourceVersion "1"]
[SourceVersionDate "2016.10.25"]
[SourceQuality "1"]

1. d4 Nf6 2. c4 d5 3. cxd5 Qxd5 4. Nc3 Qd8 5. Nf3 e6 6. e4 Be7 7. Bd3 Nc6 8. 0-0 0-0 9. Bc2 Nb4 10. Bb3 c5 11. a3 cxd4 12. Nxd4 Na6 13. Be3 Nc5 14. Bc2 e5 15. Nf3 Bg4 16. Qxd8 Rfxd8 17. Nxe5 Be6 18. b4 Ncd7 19. Nxd7 Rxd7 20. Ba4 Rc7 21. Nb5 Rcc8 22. Nd4 Bc4 23. e5 Bxf1 24. exf6 Bxf6 25. Kxf1 h6 26. Ra2 Rc3 27. Bd2 Rd3 1/2-1/2